000 00760nam a2200217Ii 4500
003 JO-AjNU
008 230605s9999||||xx |||||||||||||| ||und||
017 _a2011/3/882
040 _aJO-AjNU
_bara
_erda
_cJO-AjNU
041 _aara
050 1 4 _aDS109.9.K3622 2011
100 3 _aتاليف كنعان، عبدالله توفيق؛ مراجعة وتدقيق نجم، رائف وآخرون,
_eauthor
_931928
245 0 0 _aالقدس والهاشميون
250 _aط1
264 3 1 _aعمان: منشورات اللجنة لشؤون القدس، 2011
300 _a205ص
336 _atext
_btxt
_2rdacontent
337 _aunmediated
_bn
_2rdamedia
338 _avolume
_bnc
_2rdacarrier
650 4 _aالقدس- الهاشميون - تاريخ
_931929
999 _aA12827
_c16395
_d16395